On creativity : awakening the creative mind

Bibliographic Details
Main Author: Leo, Ann Mean
Format: Book
Published: Subang Jaya, Selangor : Pelanduk Publications , 2005
Subjects:

MARC

LEADER 00000cam a2200000 7i4500
001 0000003661
005 20080131.0
020 0 0 |a 9679789268 
090 0 0 |a 153.35   |b LEO 
100 1 0 |a Leo, Ann Mean 
245 1 0 |a On creativity :   |b awakening the creative mind   |c Leo Ann Mean 
260 0 0 |a Subang Jaya, Selangor :   |b Pelanduk Publications ,   |c 2005 
300 |a vii, 313p. ;   |c 22cm. 
650 0 0 |a Creative ability 
650 0 0 |a Creative thinking 
650 0 0 |a Thought and thinking 
999 |a 0000007129   |b Monograph   |c Open Shelf   |e Default branch